Cuentos de piratas, corsarios y bandidos /
Guardado en:
| Autor Principal: | |
|---|---|
| Formato: | Libro |
| Publicado: |
Buenos Aires :
Aique,
1995
|
| Materias: | |
| Etiquetas: |
Agregar Etiqueta
Sin Etiquetas, Sea el primero en etiquetar este registro!
|
| LEADER | 01070nam a22002175a 4500 | ||
|---|---|---|---|
| 001 | CEM.cems010880 | ||
| 005 | 20080311093920.0 | ||
| 008 | 130507s1995##################000#0#####d | ||
| 003 | CEMS | ||
| 020 | |a 9507011587 | ||
| 082 | 0 | 4 | |a H868.4 |
| 100 | 1 | |a Ravassa, María del Mar | |
| 245 | 1 | 0 | |a Cuentos de piratas, corsarios y bandidos / |c Dirigida Por María Del Mar Ravassa G. |
| 260 | |a Buenos Aires : |b Aique, |c 1995 | ||
| 300 | |a 104 p. | ||
| 505 | 0 | |a El correvolando (Bolivia) -- Un pirata sin piedad (Brasil) -- La toma de Cartagena por Francis Drake (Colombia) -- El tesoro del monaguillo (Chile) -- La tortuga de Cliperton (Ecuador) -- Piratas en Veracruz (México) -- El tamborcito del pirata (Perú) -- Pedro el Grande, el primer pirata del Caribe (República Dominicana) -- Los corsarios de Artigas (Uruguay) -- Venturas y desventuras de dos piratas en tierras americanas (Venezuela) | |
| 653 | |a Literatura | ||
| 653 | |a Literatura hispanoamericana | ||
| 653 | |a Cuentos | ||
| 653 | |a Literatura juvenil | ||
| 859 | |a CEMS |b BIB. CEMS - 11 de abril |h H868.4 |i R195 |p 17565.94 |t Ej.1 | ||
